000 01417cam a2200337 i 4500
003 BJBSDDR
005 20231213132339.0
007 ta
008 170608s1999 dr 000 0 spa
040 _bspa
_cBJBSDDR
041 0 _aspa
050 1 4 _a118 RD 129.5
_bP592d 2011
100 1 _aPichardo Pantaleón, Alejandro,
_d1947-
_9343
245 1 0 _aDonación y transplante de organos :
_bconsideraciones éticas y legales /
_cAlejandro Pichardo ; Coautor, José M. Reynoso Q.
260 _aSanto Domingo, R. D. :
_bEdiciones FUNGLODE,
_c1999.
300 _a116 páginas ;
_c23 cm.
650 0 _aDonation of organs, tissues, etc.
650 0 _aDonation of organs, tissues, etc.
_xMoral and ethical aspects.
650 0 _aTransplantation of organs, tissues, etc.
_xMoral and ethical aspects.
650 4 _aTrasplantes de órganos, tejidos, etc.
_xAspectos morales
_928526
650 4 _aTrasplantes de órganos, tejidos, etc.
_928525
650 4 _aTrasplantes de órganos, tejidos, etc
_xAspectos jurídicos
_928530
650 4 _aDonación de órganos, tejidos, etc.
_xAspectos morales
_928527
650 4 _aDonación de órganos, tejidos, etc.
_928528
650 4 _aDonación de órganos, tejidos, etc.
_x Aspectos jurídicos
_928531
650 4 _aBMD
_928701
650 4 _aBibliografía Médicos Dominicanos.
_9340
700 1 _aReynoso, José M.
_928529
_ecoautor
942 _2lcc
_cBK
946 _aSH
999 _c21675
_d21675